03253nam a22003977i 4500001000800000003001000008007000500018008004100023040003500064041000800099043000700107084000700114100004300121245015500164264003100319300005800350336002700408337003300435338002800468504004200496520184100538650002502379650003202404650003602436650001902472650002802491700003502519700003002554700003102584700002902615773008402644942000902728952009502737999001702832999000602849B-12206CO-BoFNCPt|| 090820s2009 ck r spa d  aCO-BoFNCPbspacCO-BoFNCPerda aspa ack aA-1 aAriza, Josué G.,eautor.4aut94132700aRelación entre los síntomas externos y el avance interno de la lesión causada por la pudrición del cogollo (PC) en palmas de vivero en Tumaco. 1aPalmira :bAscolfi,c2009. apáginas 35-38 :bTablas, gráficos, fotografías. atextobtxt2rdacontent asin mediaciónbn2rdamedia avolumenbnc2rdacarrier aIncluye referencias bibliográficas. aUtilizando la Escala de Severidad de la pudrición del cogollo de la palma de aceite, desarrollada por los investigadores de Cenipalma, se procedió a adelantar un estudio en el cual se estableció la relación entre cada uno de los grados de severidad y el avance de los síntomas en la zona del cogollo hacia el meristemo, en palmas de vivero de 12 a 18 meses de edad. Se identificaron 20 palmas por cada uno de los grados de severidad y se procedió a realizar la disección de cada una de ellas, identificando el sitio de avance de la pudrición y midiendo la distancia desde este sitio hasta la zona meristemática. Los resultados se sometieron a un análisis de varianza y pruebas de correlación de Pearson. Se determinó que existe una relación inversamente proporcional entre el grado de severidad y la distancia entre el sitio de avance de la PC en la zona del cogollo y la del meristemo. Los grados de severidad más bajos, 1 y 2 presentaron la mayor distancia hasta el meristemo, permitiendo entender el por qué las actividades de control de la enfermedad, por eliminación del tejido enfermo, tiene las mejores posibilidades de recuperación de las palmas, cuando se ponen en práctica las acciones de manejo y control de la PC recomendadas por Cenipalma. En grados de severidad más altos, el proceso de pudrición ha avanzado más hacia la zona meristemática, reduciendo las posibilidades de recuperación de las palmas, debido a la dificultad de retirar todo el tejido enfermo. Los resultados obtenidos confirman la estrecha relación entre los grados de severidad en la flecha más joven de más de 30 cm y el avance de la pudrición en la zona del cogollo y la utilidad de la escala de grados de severidad, en el diagnóstico y toma de medidas oportunas para el control de la enfermedad. 0aDiagnóstico.98293 0aEscala de severidad932126. 0aPudrición del cogollo930852. 0aTumaco931078. 0aPalma de aceite937678.1 aMartínez L., Gerardo933358.1 aSarria, Greicy A.941330.1 aTorres, Gabriel A.941331.1 aVarón, Francia941332.0 aFitopatología Colombianagv. 32, no. 2 (Febrero 2009), p.35-38wA-x0120-0143 2zc1 00102z4070a2b2d2013-10-21l0oA-pR-12206r2013-10-21 00:00:00tEj. 1w2013-10-21y1 c26554d26554 z1